000
00251nam a22000977a 4500
008
221103b |||||||| |||| 00| 0 eng d
020
_a
9789387944848
100
_a
Ilian George
_9
7583
245
_a
Elon Musk
260
_a
India
_b
Jaico Publishing House
_c
2022
999
_c
12118
_d
12118